El Horla

Salvato in:
Dettagli Bibliografici
Autore principale: Maupassant, Guy de
Natura: Libro
Lingua:Undetermined
Pubblicazione: Madrid, España Editorial Alianza 1994
Soggetti:
Tags: Aggiungi Tag
Nessun Tag, puoi essere il primo ad aggiungerne!!

MARC

LEADER 00000nam a2200000Ia 4500
008 170316s9999 xx 000 0 und d
040 |a cru BVZT 
090 |a 840 M-14h 
100 |a Maupassant, Guy de 
245 |a El Horla 
260 |a Madrid, España 
260 |b Editorial Alianza 
260 |c 1994 
300 |a 59 páginas 
650 |a LITERATURA FRANCESA 
650 |a EN IDIOMA ESPAÑOL 
650 |a CUENTO 
999 |c 7786  |d 7786 
942 |c 15 D  |h 840 M-14h  |2 z